000 00309nam a22001337a 4500
008 181217b xxu||||| |||| 00| 0 eng d
020 _a0517385686
041 _aeng
080 _a038
100 _a23
101 _aFJA
245 _aWebster's Dictionary of Usage and Style
_cCopperud, R.H
942 _2udc
_cBK
999 _c53268
_d53268